000 00487nam a2200181Ia 4500
003 GCL
008 140319s9999 xx 000 0 eng d
040 _aGCL /
_cGCL
082 0 4 _a808.1
_bR Q
100 1 _aROSEN, STANLEY
245 1 0 _aTHE QUARREL BETWEEN PHILOSOPHY AND POETERY STUDIES IN ANCIENT THOUGHT /
_cROSEN, STANLEY
260 _a[S.N] :
_bROUTLEDGE ،
_c1988
300 _a223 P
650 0 4 _aLITERATURE
650 0 4 _aIMAGINATION
650 0 4 _aCREATION
942 _2ddc
_cBK
999 _c24564
_d24564